000 00985nam0a22002651 4500
001 rc\616874
005 20031121164000.3
035 _a(NLR Aleph) 005860051
090 _a5869038
_c5869038
100 _a20031121d1986 u |0rusy50 ca
101 0 _arus
102 _aRU
105 _aa |||||||||
200 1 _aМонолог... или диалог?
_e(Закономерности развития и формирование побуждений детей в семье)
210 _aМ.
_cЗнание
_d1986
215 _a78, [2] с.
_cил.
_d17
225 1 _aНародный университет
_iПедагогический факультет
_v№ 1
320 _aБиблиогр.: с. 79 (8 назв.)
700 1 _aБибрих
_bР. Р.
_gРоберт Рейнгардович
701 1 _aОрлов
_bА. Б.
_gАлександр Борисович
801 0 _aRU
_bNLR
_gpsbo
801 1 _aRU
_bELAR
_2rusmarc
852 _aNLR
_j85-2/3936
942 _cBOOK
980 _aNB